000 00546nam a22001817a 4500
003 BD-DhUL
005 20210224111557.0
008 180624s1933 pk ||||| |||| 000 0 urd d
040 _aBD-DhUL
_cBD-DhUL
082 _a891.431
_bBEM
100 1 _aبیخود، وحید الدین۔
245 0 _aمرآۃ الغالب /
_cبیخود، وحید الدین۔
246 _aMer'at al-Galib.
260 _aلاھور :
_bکریمی پریس،
_c۱۹۳۳۔
300 _aص۔ ۳۴۷ ؛
_c۱۹ سم۔
650 0 _aUrdu poetry.
942 _2ddc
_cBK
999 _c242161
_d242161